1989 1541 1320 1420 1542 1144 1869 1558 1097 1331 1381 1647 1540 1596 1271 1737 1433 1532 1194 1387 1328 1438 1728 1985 1392 1133 1356 1371 1912 1053 1643 1443 1067 1829 1928 1998 1747 1453 1432 1299 1753 1598 1212 1004 1936 1307 1847 1654 1726 1175 1698 1909 1608 1920 1799 1865 1651 1660 1431 1988 1722 1945 1044 1482 1080 1423 1831 1224 1694 1479 1362 1043 1806 1876 1367 1604 1157 1657 1148 1971 1797 1007 1726 1066 1375 1913 1890 1749 1659 1934 1488 1114 1086 1846 1911 1463 1210 1335 1703 BCNSPRNW ULIB Ver.6.0+V

เปลี่ยนเป็นภาษาไทย

Change to English
 แสดงรายละเอียดบรรณานุกรม
  กลับหน้าหลัก

Brief Record : Get Marc (ISO 2709) : E-mail record : QR code < ปิดหน้าต่าง
LEADER : 00000nam 2200000uu 4500
001    13399111465
003     ULIB
008    110427s2553||||th 000 0 tha d
020    9789741112401
060 04 WM165^bม455ก 2553
100 0  มาโนช หล่อตระกูล
245 10 การฆ่าตัวตาย : การรักษาและการป้องกัน /^cมาโนช หล่อตระกูล
250    พิมพ์ครั้งที่ 1
260    กรุงเทพฯ :^bบียอนด์ เอ็นเทอร์ไพรซ์,^c2553
300    288 หน้า
650  7 การฆ่าตัวตาย
650  7 การฆ่าตัวตาย^xการป้องกัน
650  7 โรคจิตเภท
945    ^p650^l0^i030244
945    ^p650^l0^i030243
945    ^p650^l0^i030242
945    ^p650^l0^i030240
945    ^p650^l0^i030239
945    ^p650^l0^i027373
945    ^p650^l0^i030241
995    ทศพร
999 ^a ใช้งานได้ทุกระบบ
รายการนี้ยังไม่มีแท็ก
คุณยังไม่ได้ล็อกอิน คุณสามารถมีกิจกรรมร่วมกับเว็บไซต์ได้ แต่ต้องล็อกอินก่อน ::
  ล็อกอิน

รายการสื่อสารสนเทศ

ลำดับที่ ประเภท เลขเรียก/บาร์โค้ด สถานที่ สถานะ
1. วิทยาศาสตร์การแพทย์ และสุขภาพ
หนังสือสำรอง
สถานะ=หนังสือสำรอง
WM165 ม455ก 2553 ฉ.1 
  Barcode: 027373
ห้องสมุดวิทยาเขตสวรรค์ประชารักษ์
►ส่วนจัดเก็บหนังสือเก่า สปร
บนชั้น
  ขอยืม
2. วิทยาศาสตร์การแพทย์ และสุขภาพ
วิทยาศาสตร์การแพทย์ และสุขภาพ
WM165 ม455ก 2553 ฉ.2 
  Barcode: 030239
ห้องสมุดวิทยาเขตสวรรค์ประชารักษ์
►ส่วนจัดเก็บหนังสือเก่า สปร
บนชั้น
  ขอยืม
3. วิทยาศาสตร์การแพทย์ และสุขภาพ
วิทยาศาสตร์การแพทย์ และสุขภาพ
WM165 ม455ก 2553 ฉ.3 
  Barcode: 030240
ห้องสมุดวิทยาเขตสวรรค์ประชารักษ์
►ส่วนจัดเก็บหนังสือเก่า สปร
บนชั้น
  ขอยืม
4. วิทยาศาสตร์การแพทย์ และสุขภาพ
วิทยาศาสตร์การแพทย์ และสุขภาพ
WM165 ม455ก 2553 ฉ.4 
  Barcode: 030241
ห้องสมุดวิทยาเขตสวรรค์ประชารักษ์
►ส่วนจัดเก็บหนังสือเก่า สปร
บนชั้น
  ขอยืม
5. วิทยาศาสตร์การแพทย์ และสุขภาพ
วิทยาศาสตร์การแพทย์ และสุขภาพ
WM165 ม455ก 2553 ฉ.5 
  Barcode: 030242
ห้องสมุดวิทยาเขตสวรรค์ประชารักษ์
►ส่วนจัดเก็บหนังสือเก่า สปร
บนชั้น
  ขอยืม
6. วิทยาศาสตร์การแพทย์ และสุขภาพ
วิทยาศาสตร์การแพทย์ และสุขภาพ
WM165 ม455ก 2553 ฉ.6 
  Barcode: 030243
ห้องสมุดวิทยาเขตสวรรค์ประชารักษ์
►ส่วนจัดเก็บหนังสือเก่า สปร
บนชั้น
  ขอยืม
7. วิทยาศาสตร์การแพทย์ และสุขภาพ
วิทยาศาสตร์การแพทย์ และสุขภาพ
WM165 ม455ก 2553 ฉ.7 
  Barcode: 030244
ห้องสมุดวิทยาเขตสวรรค์ประชารักษ์
►ส่วนจัดเก็บหนังสือเก่า สปร
บนชั้น
  ขอยืม

รายการใกล้เคียง
    ผู้แต่ง [มาโนช หล่อตระกูล]

    หัวเรื่อง [การฆ่าตัวตาย]
    หัวเรื่อง [โรคจิตเภท]

BibComment


ยังไม่เคยถูกคอมเมนท์

คอมเมนท์ทรัพยากรรายการนี้
  คอมเมนท์: การฆ่าตัวตาย การ..


 Copyright 2026. Bcnsprnw @Library